Statistics for Countries that Beat Australia

Click here to take the quiz!

General Stats

  • This quiz has been taken 60,996 times
    (26,948 since last reset)
  • The average score is 13 of 16

Answer Stats

RankCategoryCountries% Correct
9In alphabetical orderAfghanistan | Albania | Algeria | Andorra | Angola |
Antigua and Barbuda | Argentina | Armenia
98%
3Southernmost pointArgentina | Chile
96%
11Highest life expectancy (2021)Monaco | Singapore | Japan | San Marino | Canada |
Iceland | Andorra | Israel | Switzerland | Malta
95%
2Most shark attacks all-timeUnited States
88%
2Greatest area in the tropicsBrazil
87%
3Men's rugby union World Cup championshipsNew Zealand | South Africa
86%
4Lowest population densityMongolia | Namibia | Iceland
82%
3Most sheep per capitaMongolia | New Zealand
82%
13Lowest human exposure to air pollution
Finland | Brunei | New Zealand | Sweden |
Canada | Iceland | Estonia | Norway |
United States | Maldives | Portugal | Ireland
81%
3Great number of venomous animal speciesBrazil | Mexico
78%
2Most-visited by Queen Elizabeth IICanada
75%
3Most sheepChina | India
74%
7Highest Human Development Index (2020)
Norway | Ireland | Switzerland | Iceland |
Germany | Sweden
73%
10Highest average price levels
Norway | Iceland | Switzerland | Marshall Islands |
F. S. Micronesia | Iran | Vanuatu | Barbados | Israel
70%
2Best country to be born in
(according to the Economist, 2013)
Switzerland
50%
8Highest carbon dioxide emissions per capita
Palau | Qatar | Trinidad and Tobago | Kuwait |
United Arab Emirates | Bahrain | Oman |
Saudi Arabia
37%

Score Distribution

Percentile by Number Answered

Percent of People with Each Score

Your Score History

You have not taken this quiz since the last reset